Yoga Sashtra (Record no. 396112)

MARC details
000 -LEADER
fixed length control field 00522 a2200217 4500
005 - DATE & TIME
control field 20260513153847.0
008 - FIXED-LENGTH DATA ELEMENTS--GENERAL INFORMATION
fixed length control field 260513b |||||||| |||| 00| 0 eng d
020 ## - ISBN
International Standard Book Number 9789385099533
Price Rs. 2495.00
040 ## - CATALOGING SOURCE
Original cataloging agency VIVEKANANDA LIBRARY
082 ## - DDC NUMBER
Classification number 181.452
Book Number J78Y
100 ## - MAIN ENTRY--PERSONAL NAME
Personal name Joshi, Deepak H
245 ## - TITLE STATEMENT
Title Yoga Sashtra
260 ## - PUBLICATION, DISTRIBUTION, ETC. (IMPRINT)
Date of publication, distribution, etc 2025
Place of publication, distribution, etc Delhi
Name of publisher, distributor, etc Surabhi Publications
300 ## - PHYSICAL DESCRIPTION
Pages 254
650 ## - Subject
Subject Yoga
650 ## - Subject
Subject Yoga Philosophy
650 ## - Subject
Subject Yogashastra
650 ## - Subject
Subject Hindu Philosophy
650 ## - Subject
Subject Hinduism
942 ## - ADDED ENTRY ELEMENTS (KOHA)
Koha item type Books
Holdings
Withdrawn status Lost status Source of classification or shelving scheme Damaged status Not for loan Location (home branch) Sublocation or collection (holding branch) Shelving location Date acquired Koha issues (times borrowed) Koha full call number Accession No. Koha date last seen Koha item type
    Dewey Decimal Classification     VIVEKANANDA LIBRARY VIVEKANANDA LIBRARY Vivekananda Library 21/01/2026   181.452 J78Y 444568 21/01/2026 Books
    Dewey Decimal Classification     VIVEKANANDA LIBRARY VIVEKANANDA LIBRARY Vivekananda Library 21/01/2026   181.452 J78Y 444569 21/01/2026 Books
© Designed and Maintained by Vivekananda Library, MDU Rohtak